Super Smash Bros. Ultimate Items - Statistics

General Stats
  • This quiz has been taken 93 times
  • The average score is 47 of 87
Answer Stats
Franchise Item % Correct
8 Pokémon Poké Ball
89%
0 Super Smash Bros. Assist Trophy
86%
2 Donkey Kong Hammer
82%
105 Soccer Soccer Ball
82%
0 Super Smash Bros. Food
80%
0 Super Smash Bros. Smash Ball
80%
1 Super Mario Super Star
77%
1 Super Mario Super Mushroom
75%
6 Kirby Warp Star
75%
107 Galaga Boss Galaga
73%
103 Wrecking Crew Golden Hammer
70%
8 Pokémon Master Ball
70%
1 Super Mario Poison Mushroom
70%
0 Super Smash Bros. Rolling Crate
70%
0 Super Smash Bros. Crate
68%
9 Earthbound Mr. Saturn
68%
4 Metroid Screw Attack
68%
106 Steel Diver Steel Diver
68%
0 Super Smash Bros. Beastball
66%
1 Super Mario Bob-omb
66%
1 Super Mario Banana Peel
64%
0 Super Smash Bros. Beam Sword
64%
32 Castlevania Death’s Scythe
64%
0 Super Smash Bros. Fake Smash Ball
64%
101 Panel de Pon Lip’s Stick
64%
20 Animal Crossing Pitfall
64%
1 Super Mario Fire Flower
61%
3 The Legend of Zelda Heart Container
61%
1 Super Mario Spiny Shell
61%
0 Super Smash Bros. Banana Gun
59%
1 Super Mario Green Shell
59%
0 Super Smash Bros. Ray Blaster
57%
100 Nintendo Super Scope
57%
3 The Legend of Zelda Fairy Bottle
55%
9 Earthbound Franklin Badge
55%
12 Fire Emblem Killing Edge
55%
14 Kid Icarus Staff
55%
3 The Legend of Zelda Beetle
52%
6 Kirby Dragoon Parts
52%
0 Super Smash Bros, Home-Run Bat
52%
7 Star Fox Smart Bomb
52%
1 Super Mario Super Leaf
52%
14 Kid Icarus X Bomb
52%
0 Super Smash Bros. Barrel
50%
3 The Legend of Zelda Bombchu
50%
0 Super Smash Bros. Bumper
50%
3 The Legend of Zelda Bunny Hood
50%
0 Super Smash Bros. Capsule
50%
3 The Legend of Zelda Cucco
50%
1 Super Mario Freezie
50%
3 The Legend of Zelda Gust Bellows
50%
6 Kirby Maxim Tomato
50%
6 Kirby Party Ball
50%
0 Super Smash Bros. Rage Blaster
50%
0 Super Smash Bros. Sandbag
50%
14 Kid Icarus Ore Club
48%
108 Namco Special Flag
48%
20 Animal Crossing Beehive
45%
1 Super Mario Fire Bar
45%
0 Super Smash Bros. Gooey Bomb
45%
18 Pikmin Hocotate Bomb
45%
1 Super Mario Metal Box
45%
0 Super Smash Bros, Motion-Sensor Bomb
45%
0 Super Smash Bros. Smoke Ball
45%
6 Kirby Star Rod
45%
6 Kirby Superspicy Curry
45%
104 Clu-Clu Land Unira
45%
14 Kid Icarus Daybreak Parts
43%
3 The Legend of Zelda Deku Nut
43%
0 Super Smash Bros. Healing Field
43%
1 Super Mario Lightning
43%
1 Super Mario Bullet Bill
41%
1 Super Mario Grass
41%
1 Super Mario Hothead
41%
14 Kid Icarus Back Shield
39%
9 Earthbound Ramblin’ Evil Mushroom
39%
0 Super Smash Bros. Timer
39%
0 Super Smash Bros. Healing Sprout
36%
1 Super Mario POW Block
36%
109 Pilotwings Rocket Belt
36%
1 Super Mario Super Launch Star
36%
0 Super Smash Bros. Black Hole
34%
6 Kirby Bomber
34%
0 Super Smash Bros. Drill
34%
14 Kid Icarus Killer Eye
34%
1 Super Mario Boomerang
32%
0 Super Smash Bros. Blast Box
23%
No matching quizzes found
Score Distribution
Percent of People with Each Score
Percentile by Number Answered
Your Score History
You have not taken this quiz